<?xml version="1.0" encoding="UTF-8"?><?xml-stylesheet type="text/xsl" href="static/style.xsl"?><OAI-PMH xmlns="http://www.openarchives.org/OAI/2.0/" xmlns:xsi="http://www.w3.org/2001/XMLSchema-instance" xsi:schemaLocation="http://www.openarchives.org/OAI/2.0/ http://www.openarchives.org/OAI/2.0/OAI-PMH.xsd"><responseDate>2026-04-17T23:14:44Z</responseDate><request verb="GetRecord" identifier="oai:riubu.ubu.es:10259/7587" metadataPrefix="marc">https://riubu.ubu.es/oai/request</request><GetRecord><record><header><identifier>oai:riubu.ubu.es:10259/7587</identifier><datestamp>2023-03-24T01:05:15Z</datestamp><setSpec>com_10259_4292</setSpec><setSpec>com_10259_5086</setSpec><setSpec>com_10259_2604</setSpec><setSpec>col_10259_4293</setSpec></header><metadata><record xmlns="http://www.loc.gov/MARC21/slim" xmlns:doc="http://www.lyncode.com/xoai" xmlns:xsi="http://www.w3.org/2001/XMLSchema-instance" xmlns:dcterms="http://purl.org/dc/terms/" xsi:schemaLocation="http://www.loc.gov/MARC21/slim http://www.loc.gov/standards/marcxml/schema/MARC21slim.xsd">
<leader>00925njm 22002777a 4500</leader>
<datafield tag="042" ind1=" " ind2=" ">
<subfield code="a">dc</subfield>
</datafield>
<datafield tag="720" ind1=" " ind2=" ">
<subfield code="a">Reyes, Jorge F.</subfield>
<subfield code="e">author</subfield>
</datafield>
<datafield tag="720" ind1=" " ind2=" ">
<subfield code="a">Diez Mate, Ana Mª</subfield>
<subfield code="e">author</subfield>
</datafield>
<datafield tag="720" ind1=" " ind2=" ">
<subfield code="a">Melero Gil, Beatriz</subfield>
<subfield code="e">author</subfield>
</datafield>
<datafield tag="720" ind1=" " ind2=" ">
<subfield code="a">Rovira Carballido, Jordi</subfield>
<subfield code="e">author</subfield>
</datafield>
<datafield tag="720" ind1=" " ind2=" ">
<subfield code="a">Jaime Moreno, Isabel</subfield>
<subfield code="e">author</subfield>
</datafield>
<datafield tag="260" ind1=" " ind2=" ">
<subfield code="c">2022-08</subfield>
</datafield>
<datafield tag="520" ind1=" " ind2=" ">
<subfield code="a">The objective of this work was to evaluate the antimicrobial potential of different extracts of&#xd;
Simira ecuadorensis, a characteristic plant of Ecuador, and to validate its potential as a food preservative.&#xd;
Four extracts referred to as ethanol, ethanol-water (50:50 v/v), spray-dried, and freeze-dried were&#xd;
obtained under different processes. Initially, their antimicrobial activities were evaluated against a&#xd;
wide group of microorganisms consisting of 20 pathogenic and spoilage microbial strains found in&#xd;
foods through the agar diffusion method. Then, the extracts with the best yields and antimicrobial&#xd;
properties against microorganisms of greatest interest were selected to determine their effect on&#xd;
model foods preserved under normal commercial conditions through challenge tests. Spray-dried&#xd;
and ethanol-water extracts were tested for their ability to inhibit C. jejuni in chicken model products,&#xd;
where is a common pathogen and Shew. putrefaciens in fish model products as it is a spoilage&#xd;
microorganism frequently found in fish. One solid and one liquid were chosen as model foods:&#xd;
burger and broth, respectively. Campylobacter jejuni and Shewanella putrefaciens were effectively&#xd;
inhibited by the four extracts with minimum inhibitory concentration (MIC) of 80 mg/mL. Bacillus&#xd;
cereus, Yersinia enterocolitica, Clostridium perfringens, and Leuconostoc mesenteroides were also inhibited&#xd;
by ethanolic extract. The ethanol-water extract showed greater antimicrobial activity in fish products,&#xd;
whereas spray-dried extract had low growth inhibition of C. jejuni in chicken burgers; however, it&#xd;
was quite effective on C. jejuni in broth. The spray-dried extract significantly decreased the pH of the&#xd;
chicken burgers, while the ethanolic extract had a slight impact on the pH of the fish burgers. The&#xd;
presence of antibacterial effects revealed that the S. ecuadorensis extracts could be potentially used in&#xd;
food preservation and as a natural antimicrobial.</subfield>
</datafield>
<datafield tag="024" ind2=" " ind1="8">
<subfield code="a">http://hdl.handle.net/10259/7587</subfield>
</datafield>
<datafield tag="024" ind2=" " ind1="8">
<subfield code="a">10.3390/foods11152352</subfield>
</datafield>
<datafield tag="024" ind2=" " ind1="8">
<subfield code="a">2304-8158</subfield>
</datafield>
<datafield ind1=" " ind2=" " tag="653">
<subfield code="a">Simira ecuadorensis extract</subfield>
</datafield>
<datafield ind1=" " ind2=" " tag="653">
<subfield code="a">Antimicrobial activity</subfield>
</datafield>
<datafield ind1=" " ind2=" " tag="653">
<subfield code="a">Pathogenic bacteria</subfield>
</datafield>
<datafield ind1=" " ind2=" " tag="653">
<subfield code="a">Spoilage bacteria</subfield>
</datafield>
<datafield ind1=" " ind2=" " tag="653">
<subfield code="a">Chicken broth</subfield>
</datafield>
<datafield ind1=" " ind2=" " tag="653">
<subfield code="a">Fish hamburgers</subfield>
</datafield>
<datafield tag="245" ind1="0" ind2="0">
<subfield code="a">Antimicrobial Effect of Simira ecuadorensis Extracts and Their Impact on Improving Shelf Life in Chicken and Fish Products</subfield>
</datafield>
</record></metadata></record></GetRecord></OAI-PMH>